Ratanlal & Dhirajla the code of civil procedure / (Record no. 158081)

MARC details
000 -LEADER
fixed length control field 00728nam a22002177a 4500
005 - DATE AND TIME OF LATEST TRANSACTION
control field 20181015144358.0
010 ## - LCCN (DPL NO)
LC control number ENG-124314
020 ## - INTERNATIONAL STANDARD BOOK NUMBER
Terms of availability 2995.00
International Standard Book Number 9789386515315
035 ## - SYSTEM CONTROL NUMBER
System control number EN-107846
037 ## - SOURCE OF ACQUISITION
Source of stock number/acquisition DBAD/PUB
082 ## - DEWEY DECIMAL CLASSIFICATION NUMBER
Classification number 345.5405
100 ## - MAIN ENTRY--PERSONAL NAME
Personal name Prasad, Chandramauli Kumar
245 ## - TITLE STATEMENT
Title Ratanlal & Dhirajla the code of civil procedure /
Statement of responsibility, etc by Chandramauli Kumar prasad [and] Namit Saxena
250 ## - EDITION STATEMENT
Edition statement 21st ed.
260 ## - PUBLICATION, DISTRIBUTION, ETC. (IMPRINT)
Place of publication, distribution, etc Gurgaon
Name of publisher, distributor, etc Lexis Nexis
Date of publication, distribution, etc 2018
270 ## - ADDRESS
Address 14th floor,Building No-10, Tower-B,DLF Cyber City Phase-11
City Gurgaon
Postal code 122002
300 ## - PHYSICAL DESCRIPTION
Extent cccxxii,2657p.
Dimensions 26cm(Hb)
Other physical details ill.
500 ## - GENERAL NOTE
General note It includes subject index
700 ## - ADDED ENTRY--PERSONAL NAME
Personal name Saxena, Namit
942 ## - ADDED ENTRY ELEMENTS (KOHA)
Source of classification or shelving scheme Dewey Decimal Classification
Item type English Books
Call number suffix PRA
Classification part 345.5405
Holdings
Withdrawn status Lost status Not for loan Collection code Home library Current library Date acquired Source of acquisition Cost, normal purchase price Full call number Barcode Copy number Cost, replacement price Koha item type
    Not For Loan Non-fiction D.B.Act.Division Bawana 15/10/2018 DBAD/PUB 2995.00 345.5405 PRA EN-107846 1 2995.00 English Books

© Delhi Public Library
Hit Counter
free hit counter